Northern Ireland : between civil rights and civil war /

Bibliographic Details
Main Author: O'Dowd, Liam
Other Authors: Rolston, Bill, Tomlinson, Mike, 1951-
Format: Book
Language:English
Published: London : CSE Books, 1980.
Subjects:

MARC

Tag First Indicator Second Indicator Subfields
LEADER 00000cam a2200000 a 4500
001 in00000088621
005 20151008065149.0
008 820406s1980 enka b 00110 eng
010 |a  81132854  
015 |a GB*** 
020 |a 090633618X :  |c 12.00 
020 |a 0906336198 (pbk.) 
035 |a (OCoLC)07514364 
035 |9 AAK5464AM 
040 |a DLC  |c DLC  |d TXA  |d UtOrBLW 
043 |a e-uk-ni 
049 |a TXAM  |c [1805336] 
050 0 0 |a JN1572.A91  |b O36 
082 0 |a 941.6082/4  |2 19 
100 1 |a O'Dowd, Liam. 
245 1 0 |a Northern Ireland :  |b between civil rights and civil war /  |c Liam O'Dowd, Bill Rolston, Mike Tomlinson. 
264 1 |a London :  |b CSE Books,  |c 1980. 
300 |a 224 pages :  |b illustrations ;  |c 21 cm. 
336 |a text  |b txt  |2 rdacontent 
337 |a unmediated  |b n  |2 rdamedia 
338 |a volume  |b nc  |2 rdacarrier 
500 |a Includes index. 
504 |a Bibliography: pages [209]-218. 
505 0 |a Shaping and reshaping the Orange state / Liam O'Dowd -- Regional policy / Liam O'Dowd -- The limits of trade unionism / Bill Rolston -- Relegating local government / Mike Tomlinson -- Housing, the state, and the politics of segregation / Mike Tomlinson -- Community politics / Bill Rolston -- Reforming repression / Mike Tomlinson. 
651 0 |a Northern Ireland  |x Politics and government. 
700 1 |a Rolston, Bill. 
700 1 |a Tomlinson, Mike,  |d 1951- 
999 |a MARS 
999 f f |s 9c7166a4-b54a-3b45-bf68-d0890a877ca5  |i d85cf89d-70df-3022-874f-33bdb9b79ecc  |t 0 
952 f f |p ric  |a Texas A&M University  |b Rellis Campus  |c Joint Library Facility  |d Remote Storage  |t 0  |e JN1572.A91 O36  |h Library of Congress classification  |i unmediated -- volume  |m A14806151806 
998 f f |a JN1572.A91 O36  |t 0  |l Remote Storage